Дело о расписании сумм на работы в 1865 году по Волынской губернии

Доступно только в Электронных читальных залах Найти на картеНа карте
RUSMARC
00003798nmc2a22000003x 450
001a1f4444f-ca57-42c3-a64f-2b28d32d3ac0
00520200302184721.0
100##$a20180904l18641866k l0rusy0189 ca
1010#$arus
102##$aRU
2001#$aДело о расписании сумм на работы в 1865 году по Волынской губернии
$j15 сентября 1864 г. - 11 августа 1866 г.
251##$cДело
300##$aНа бланке обложки указано: "Дело Департамента искусственных дел Главного управления путей сообщения и публичных зданий"
801#0$aRU
$bРГИА
$c20180904
$gRCR
801#1$aRU
$bГлавНИВЦ
$c20180904
$2rusmarc
801#2$aRU
$bПБ им. Б.Н. Ельцина
$c20200302
$gRCR
$2rusmarc
850##$aРГИА
852##$aРГИА
$eФедеральное казенное учреждение "Российский государственный исторический архив" (РГИА)
$j370
937##$hРГИА
$d12287779
$aASBIBLIO_SCAN
462#0$1001921ec746-9587-48a9-b6c2-ef8589ca621c
$12001
$aДела Департамента полиции исполнительной МВД за 1864 год
$1251
$cОпись
$1852
$j25
$l1864 г.
461#0$10013e300ed0-cd39-49af-8489-5ba5b90fa401
$12001
$aДепартамент полиции исполнительной МВД
$1251
$cФонд
$1852
$j1286
215##$a45 л.
$d36,5х26 см
371##$aДокумент не является опубликованным и широко распространяемым
105##$ay###
1222#$ad
035##$aa1f4444f-ca57-42c3-a64f-2b28d32d3ac0
856##$uhttp://readingroom.main.prlib.ru/item.aspx?id_node=n142321713&mode=full
Формат отображения